駅名に含まれる都道府県と所在地が一致しない駅 - Statistics

General Stats
  • This quiz has been taken 206 times
    27 since last reset
  • The average score is 22 of 69
Answer Stats
都道府県 駅名 % Correct
大阪府 福島
88%
大阪府 河内長野
84%
青森県 石川(弘南鉄道)
80%
富山県 福岡
80%
青森県 石川(JR)
80%
東京都 大岡山
72%
滋賀県 愛知川
64%
岡山県 福井
64%
神奈川県 石川町
60%
大阪府 新福島
60%
東京都 東長崎
60%
愛知県 山口
60%
神奈川県 香川
52%
北海道 北広島
48%
群馬県 長野原草津口
48%
東京都 落合南長崎
44%
東京都 高尾山口
44%
千葉県 東京ディズニーシー・ステーション
44%
千葉県 東京ディズニーランド・ステーション
44%
東京都 石川台
40%
埼玉県 上福岡
40%
鳥取県 恋山形
40%
埼玉県 下山口
40%
大阪府 和泉鳥取
32%
秋田県 羽後長野
32%
大阪府 信貴山口
32%
和歌山県 下兵庫
32%
高知県 土佐佐賀
32%
大分県 三重町
32%
神奈川県 宮崎台
32%
徳島県 阿波福井
28%
青森県 石川プール前
28%
富山県 越中宮崎
28%
鳥取県 大山口
28%
福岡県 筑前大分
28%
高知県 長崎
28%
宮崎県 福島高松
28%
福島県 会津長野
24%
長野県 伊那福岡
24%
長野県 木曽福島
20%
高知県 佐賀公園
20%
福井県 下兵庫こうふく
20%
鳥取県 中山口
20%
長野県 奈良井
20%
和歌山県 西山口
20%
宮崎県 福島今町
20%
宮城県 陸前富山
20%
福島県 磐城石川
16%
山形県 羽前長崎
16%
京都府 大江山口内宮
16%
群馬県 上州福島
16%
富山県 新富山口
16%
大阪府 鳥取ノ荘
16%
愛媛県 見奈良
16%
埼玉県 浦山口
12%
滋賀県 坂本比叡山口
12%
兵庫県 篠山口
12%
佐賀県 肥前長野
12%
佐賀県 福島口
12%
大阪府 三ヶ山口
12%
京都府 八瀬比叡山口
12%
岩手県 山口団地
12%
愛知県 犬山口
8%
青森県 白神岳登山口
8%
岡山県 津山口
8%
広島県 福島町
8%
福岡県 徳力嵐山口
4%
福島県 七ヶ岳登山口
4%
香川県 八栗登山口
0%
No matching quizzes found
Score Distribution
Percent of People with Each Score
Percentile by Number Answered
Your Score History
You have not taken this quiz since the last reset